01137nam a22001817a 450000500170000000800410001704000290005804100080008708200120009510000230010724501220013026000270025230000230027950003640030250502430066650600210090965000250093020140903174915.0130722n ||||f |||| 00| 0 spa d cSandra YazodSandra Yazo0 aspa04220a9101 aCortés, Santiago11a[Prolegomenos de historia universalbGeografía. Necesidad del estudio de la Geografía antigua]cSantiago Cortés a[s.l.]b[s.n.]c[s.f.] a26 p.c19 x 14 cm. aDetalles físicos: Encuadernación rígida en cartón forrado en papel, lomo en cuero. Guardas. Sin portada. Texto en una columna con márgenes amplios sobre papel de regular calidad, manchado. Título tomado de la primera página. En la guarda una anotación: “A mi querido amigo Dr. Francisco Marinez?. El autor S. Cortés” y un sello de tinta.0 aConocimientos geográficos, de los antiguos: Europa, Asía, África -- Islas Británicas. ; Bélgica. ; Holanda. ; Dinamarca. ; Suecia. ; Rusia. ; Germania. ; Suiza. ; Francia. ; España. ; Italia. ; Grecia. ; Turquía asiática.  aConsulta en sala 7aGeografía antigua